[Event "IBCA Wch blind 14th"]
[Site "Cagliari"]
[Date "2019.04.12"]
[Round "7"]
[White "Nizam, Rasim"]
[Black "Patra, Subhendu Kumar"]
[Result "0-1"]
[WhiteElo "2166"]
[BlackElo "1747"]
[PlyCount "86"]
[EventDate "2019.04.06"]
[EventType "swiss"]
[EventRounds "9"]
[EventCountry "ITA"]
[SourceTitle "CBM 189 Extra"]
[Source "ChessBase"]
[SourceDate "2019.06.03"]
[SourceVersion "1"]
[SourceVersionDate "2019.06.03"]
[SourceQuality "1"]

1. e4 e5 2. Nf3 Nc6 3. Bb5 Nf6 4. 0-0 Nxe4 5. Re1 Nd6 6. Nxe5 Be7 7. Nc3 Nxb5 8. Nxb5 Nxe5 9. Rxe5 d6 10. Re1 0-0 11. d4 Bf6 12. c4 a6 13. Nc3 Re8 14. Be3 Bf5 15. Qf3 Bd3 16. b3 c6 17. Qd1 Bg6 18. Qd2 Qd7 19. Bg5 Rxe1+ 20. Rxe1 Bxg5 21. Qxg5 Re8 22. Rxe8+ Qxe8 23. Qe3 Kf8 24. Qxe8+ Kxe8 25. b4 Kd7 26. f3 c5 27. dxc5 dxc5 28. a3 Kc6 29. b5+ axb5 30. cxb5+ Kb6 31. Kf2 Bd3 32. a4 Ka5 33. Ke3 Bc2 34. Nd5 Bxa4 35. Ne7 b6 36. Nc8 Bxb5 37. Nd6 Bc6 38. Nxf7 b5 39. Ne5 Be8 40. Nd3 c4 41. Nc5 b4 42. Kd4 c3 43. Nd3 g5 0-1

[Event "IBCA Wch blind 14th"]
[Site "Cagliari"]
[Date "2019.04.08"]
[Round "3"]
[White "Patra, Subhendu Kumar"]
[Black "Began, Branko"]
[Result "1-0"]
[WhiteElo "1747"]
[BlackElo "1862"]
[PlyCount "50"]
[EventDate "2019.04.06"]
[EventType "swiss"]
[EventRounds "9"]
[EventCountry "ITA"]
[SourceTitle "CBM 189 Extra"]
[Source "ChessBase"]
[SourceDate "2019.06.03"]
[SourceVersion "1"]
[SourceVersionDate "2019.06.03"]
[SourceQuality "1"]

1. e4 c6 2. d4 d5 3. Nc3 dxe4 4. Nxe4 Bf5 5. Ng3 Bg6 6. Bc4 e6 7. N1e2 h6 8. Nf4 Bh7 9. 0-0 Nf6 10. Re1 Nd5 11. Ngh5 Nxf4 12. Bxf4 Bg6 13. Be5 Bxh5 14. Qxh5 Qg5 15. Qh3 Nd7 16. f4 Qe7 17. f5 Nb6 18. Bd3 0-0-0 19. fxe6 f6 20. Bg3 Rxd4 21. Qf5 h5 22. c3 Rd5 23. Qf4 Qc5+ 24. Bf2 Qd6 25. Qxd6 Bxd6 1-0

[Event "IBCA Wch blind 14th"]
[Site "Cagliari"]
[Date "2019.04.07"]
[Round "2"]
[White "Komissarov, Alexey"]
[Black "Patra, Subhendu Kumar"]
[Result "1-0"]
[WhiteElo "2207"]
[BlackElo "1747"]
[PlyCount "49"]
[EventDate "2019.04.06"]
[EventType "swiss"]
[EventRounds "9"]
[EventCountry "ITA"]
[SourceTitle "CBM 189 Extra"]
[Source "ChessBase"]
[SourceDate "2019.06.03"]
[SourceVersion "1"]
[SourceVersionDate "2019.06.03"]
[SourceQuality "1"]

1. d4 Nf6 2. Bf4 g6 3. Nc3 Bg7 4. Qd2 h5 5. 0-0-0 d6 6. e4 c6 7. Qe1 Qa5 8. e5 dxe5 9. dxe5 Ng4 10. Nf3 b5 11. Nd5 b4 12. Qxb4 Qxd5 13. Rxd5 cxd5 14. Qb5+ Nd7 15. Qxd5 Rb8 16. h3 Nxf2 17. Rg1 Bb7 18. Qd4 Ne4 19. Bb5 Rd8 20. Rd1 Nd6 21. Bxd7+ Rxd7 22. Qa4 Bxf3 23. gxf3 g5 24. exd6 gxf4 25. dxe7 1-0